000 00672nam a22002177a 4500
005 20150519130013.0
010 _aENG-112676
020 _c80.00
_a8123764421
020 _a9788123764429
_c80.00
035 _aEN-96208
037 _bDBAD/PUB
082 _a921
100 _aKar, Souribandhu
245 0 0 _aHarekrushna Mahtab /
_cby Souribandhu Kar
_b
260 _aNew Delhi
_bNational Book Trust
_c2012
270 _aNehru Bhawan, 5 Institutional Area, Phase-ll Vasant Kunj
_bNew Delhi
_e110070
300 _aviii,142p.
_c22cm(pbk)
490 _aNational biography
500 _aIncludes bibliographical references
942 _2ddc
_cEN
_mHAR
_h921
999 _c92913
_d92913